Statistics for American Civil War Battlefields (with map)

Click here to take the quiz!

General Stats

  • This quiz has been taken 17 times
  • The average score is 9 of 18

Answer Stats

Answer % Correct
Atlanta
94%
Fort Sumter
88%
Gettysburg
88%
Appomattox Court House
71%
Vicksburg
71%
Manassas (Bull Run)
71%
Selma
53%
Petersburg
53%
Olustee
47%
Shiloh
47%
Sabine Pass
41%
Fort Donelson
29%
Rich Mountain
24%
Pea Ridge (Elkhorn Tavern)
24%
Franklin
24%
Bentonville
18%
Wilsons Creek
18%
Westport
18%

Score Distribution

Percentile by Number Answered

Percent of People with Each Score

Your Score History

You have not taken this quiz